000 00890cam a2200133 4500500
005 20250921000801.0
041 _afre
042 _adc
100 1 0 _aHélix, Laurence
_eauthor
245 0 0 _aL'Ancien Français : Morphologie, syntaxe et phonétique
260 _bArmand Colin,
_c2025.
520 _aCet ouvrage fait le pari de traiter de manière simple et concise, en 50 fiches, l’essentiel des connaissances en langue médiévale. Réparties en trois grandes sections (morphologie, phonétique historique et syntaxe), les fiches sont accompagnées de nombreux conseils et astuces méthodologiques.- Un contenu adapté aussi bien aux grands débutants qu’aux étudiants confirmés- Un outil idéal pour la révision des concours- De très nombreux exercices corrigés
856 4 1 _uhttps://shs.cairn.info/l-ancien-francais--9782200641382?lang=fr&redirect-ssocas=7080
999 _c1503065
_d1503065